| 000 | 01082cam a22002894a 4500 | ||
|---|---|---|---|
| 005 | 20200104041555.0 | ||
| 008 | 011107s2002 dcu b b 101 0 eng | ||
| 020 | _a1559639040 (cloth : alk. paper) | ||
| 020 | _a1559639059 (paper : alk. paper) | ||
| 040 |
_aDLC _cDLC _dCO-BoIAVH |
||
| 041 | _afre | ||
| 042 | _apcc | ||
| 043 | _aw------ | ||
| 082 | 0 | 4 |
_a333.78 _bM23m |
| 245 | 0 | 0 |
_aMaking parks work : _bstrategies for preserving tropical nature / _cedited by John Terborgh y (otros tres editores). |
| 260 |
_aWashington, DC : _bIsland Press, _cc2002. |
||
| 300 |
_axix, 511 p. : _bill., maps ; _c24 cm. |
||
| 504 | _aIncluye referencias bibliográficas e índice. | ||
| 650 | 1 | 4 | _aÁreas de conservación de recursos naturales |
| 650 | 2 | 4 | _aÁreas protegidas |
| 650 | 2 | 4 | _aSilvicultura |
| 650 | 2 | 4 | _aConservación de los recursos naturales |
| 650 | 2 | 4 | _aDiversidad biológica |
| 700 | 1 |
_aTerborgh, John, _d1936- _eeditor |
|
| 856 | 4 | 1 |
_3Tabla de contenido _uhttp://www.loc.gov/catdir/toc/fy034/2001006975.html |
| 942 |
_2ddc _cLIBRO |
||
| 999 |
_c5013 _d5013 |
||